Ako sme sa zviditeľnili

Bibliographic Details
Main Author: Kornajová, Gabriela (Author)
Format: Article
Language:Slovak
Subjects:

MARC

LEADER 00000nab a2200000 ar4500
001 vtls010485071
003 SK-MaSNL
005 20260303231100.0
008 130123c2012 xo sr|p|||||||000 b|slo
038 |a PPPK 
040 |a PPPKCL  |b slo  |c PPPKCL  |e AACR2 
041 0 |a slo 
044 |a xo  |c SK 
080 |a 373/378:7  |x (437.671.113.123)  |2 2001 
100 1 |a Kornajová, Gabriela  |4 aut  |9 1265714 
245 1 0 |a Ako sme sa zviditeľnili  |c Gabriela Kornajová 
610 2 7 |a Základná umelecká škola (Kežmarok, Slovensko)  |2 pppkcl  |9 54516 
650 0 7 |a umelecké školy  |2 pppkcl  |9 29319 
650 0 7 |a základné umelecké školy  |2 pppkcl  |9 29368 
650 0 7 |a úspechy  |2 pppkcl  |9 873641 
651 7 |a Kežmarok (Slovensko)  |2 pppkcl  |9 26808 
773 0 |t Kežmarok  |g Roč. XX, č. 21 (2012), s. 8 
852 |a PPPK  |b KIS3GCP 
999 |c 2265090  |d 2267020